000 00648nam a22001937a 4500
003 OSt
005 20251125105012.0
008 251125b |||||||| |||| 00| 0 eng d
020 _a 978-1-4511-0882-8.
040 _aDWCL-Admin lib
_cOC
082 _aCirc. 617.0231 B897s 2010
100 _aBoyer, Mary jo
245 _aStudy guide for brunner and suddarth's textbook of medical-surgical nursing /
_cMary jo Boyer
260 _aPhiladelphia :
_bWolters Kluwer, Lippincott Williams & Wilkins,
_cc2010
300 _aviii, 416 p. :
_bill. ;
_c26
650 _a1. Nursing
650 _a2. Surgical nursing
942 _2ddc
_cBK-CIRC
_kCirc.
_n0
_e12th ed.
999 _c6216
_d6216